Normal view
MARC view
Entry Corporate Name
001 - CONTROL NUMBER
- control field: 124239
003 - CONTROL NUMBER IDENTIFIER
- control field: NUST
005 - DATE AND TIME OF LATEST TRANSACTION
- control field: 20240709120151.0
008 - FIXED-LENGTH DATA ELEMENTS
- fixed length control field: 240709|| aca||aabn | a|a d
040 ## - CATALOGING SOURCE
- Original cataloging agency: NUST
- Transcribing agency: NUST
110 ## - HEADING--CORPORATE NAME
- General subdivision: PhD-Industrial Biotechnology
670 ## - SOURCE DATA FOUND
- Source citation: Work cat.: (NUST)523504: Hira Iftikhar 16470, Functional analysis of mitogen activated protein kinase superfamily in solanaceae/, 2018.
